Si Langgam at si Tipaklong. (Record no. 113905)
[ view plain ]
| 000 -LEADER | |
|---|---|
| fixed length control field | 00267nam a2200109 a 4500 |
| 005 - DATE AND TIME OF LATEST TRANSACTION | |
| control field | 20140414132043.0 |
| 008 - FIXED-LENGTH DATA ELEMENTS--GENERAL INFORMATION | |
| fixed length control field | 110325s19uu xx 00 eng d |
| 050 ## - LIBRARY OF CONGRESS CALL NUMBER | |
| Classification number | BB |
| Item number | H86 2009 |
| 100 ## - MAIN ENTRY--PERSONAL NAME | |
| Personal name | Angeles, Alberta |
| 245 ## - TITLE STATEMENT | |
| Title | Si Langgam at si Tipaklong. |
| Withdrawn status | Lost status | Damaged status | Home library | Current library | Shelving location | Date acquired | Total Checkouts | Full call number | Barcode | Date last seen | Price effective from | Koha item type |
|---|---|---|---|---|---|---|---|---|---|---|---|---|
| Munich Library | Munich Library | Big Books Section | 03/25/2011 | BB H86 2009 | M5565 | 04/14/2014 | 04/14/2014 | Books |